Environmental science : A study of interrelationships

This full-color, introductory environmental science text is known for being concise, conceptual, and value-priced. The approach and reading level cover the basic concepts without overloading students with too much detail. The authors reinforce the text's central theme of "interrelationship...

Szczegółowa specyfikacja

Zapisane w:
Opis bibliograficzny
1. autor: Enger, Eldon D.
Format: Książka
Język:Undetermined
Wydane: Boston McGraw-Hill Higher Education 2010
Hasła przedmiotowe:
Etykiety: Dodaj etykietę
Nie ma etykietki, Dołącz pierwszą etykiete!
Thư viện lưu trữ: Trung tâm Học liệu Trường Đại học Cần Thơ
LEADER 01316nam a2200241Ia 4500
001 CTU_172304
008 210402s9999 xx 000 0 und d
020 |c 3238840 
082 |a 363.7 
082 |b E57 
100 |a Enger, Eldon D. 
245 0 |a Environmental science : 
245 2 |b A study of interrelationships 
245 0 |c Eldon D. Enger, Bradley F. Smith 
260 |a Boston 
260 |b McGraw-Hill Higher Education 
260 |c 2010 
520 |a This full-color, introductory environmental science text is known for being concise, conceptual, and value-priced. The approach and reading level cover the basic concepts without overloading students with too much detail. The authors reinforce the text's central theme of "interrelationships" by providing a historical perspective, information on economic and political realities, discuss the role of different social experiences, and integrate this with the crucial science to describe the natural world and how we affect it. 
526 |a Sinh thái học cơ bản,Sinh thái học ứng dụng,Cấu trúc và chức năng hệ sinh thái 
526 |b TN711,TN712,MT639 
650 |a Environmental sciences,Khoa học môi trường 
904 |i Trọng Hải 
980 |a Trung tâm Học liệu Trường Đại học Cần Thơ